[Event "II liga SSCS 2015- zapad"]
[Site "Ravni Gaj"]
[Date "2015.10.09"]
[Round "7.1"]
[White "Misailovic, Nebojsa"]
[Black "Pantelic, Sasa"]
[Result "0-1"]
[WhiteElo "2326"]
[BlackElo "2319"]
[PlyCount "114"]
[EventDate "2015.09.04"]

1. e4 c5 2. Nf3 d6 3. d4 cxd4 4. Nxd4 Nf6 5. Nc3 g6 6. Be3 Bg7 7. f3 O-O 8. Qd2
Nc6 9. O-O-O d5 10. exd5 Nxd5 11. Nxc6 bxc6 12. Bd4 Bxd4 13. Qxd4 Qb6 14. Na4
Qc7 15. h4 Rb8 16. h5 Rb4 17. Bc4 Qf4+ 18. Qxf4 Nxf4 19. b3 Nxh5 20. Rh4 Kg7
21. g4 Nf6 22. Nc5 h5 23. Nd3 Rb7 24. Ne5 Rc7 25. Rg1 hxg4 26. fxg4 Nd7 27. Nf3
Nb6 28. Rgh1 Nxc4 29. g5 Rg8 30. Rh7+ Kf8 31. bxc4 Be6 32. Ne5 c5 33. Rf1 Rg7
34. Rh6 Bf5 35. Rd1 Rc8 36. Nc6 f6 37. Rh8+ Kf7 38. Nd8+ Rxd8 39. Rhxd8 fxg5
40. R8d5 Rh7 41. Rxc5 g4 42. Rcd5 Rh3 43. Kb2 Rh2 44. R5d2 Rh8 45. Kc3 Rc8 46.
Kd4 Kf6 47. Re1 Rd8+ 48. Ke3 Rc8 49. Kd4 Rd8+ 50. Kc3 Rc8 51. Kb4 Rb8+ 52. Ka5
Rc8 53. Kb5 Rc7 54. c5 Bd7+ 55. Kc4 Bc6 56. Rde2 g3 57. Kd4 Kf5 0-1

[Event "II liga SSCS 2015- zapad"]
[Site "Ravni Gaj"]
[Date "2015.10.09"]
[Round "7.1"]
[White "Radovanovic, Jovica"]
[Black "Muratovic, Efim"]
[Result "0-1"]
[WhiteElo "2333"]
[BlackElo "2369"]
[PlyCount "56"]
[EventDate "2015.09.04"]

1. d4 d5 2. Nf3 Nf6 3. c4 c6 4. Nc3 e6 5. g3 Bd6 6. Bg2 Nbd7 7. O-O O-O 8. Nd2
Bb4 9. e4 Bxc3 10. bxc3 dxe4 11. Nxe4 Nxe4 12. Bxe4 Qa5 13. Qc2 Nf6 14. Bg2 e5
15. Bg5 exd4 16. Bxf6 d3 17. Qxd3 gxf6 18. Rfe1 Be6 19. Qd4 Kg7 20. Rab1 Rad8
21. Qe3 Rd7 22. c5 Bf5 23. Rbd1 Rfd8 24. Rxd7 Rxd7 25. Bf1 Rd5 26. Qe8 Qxc5 27.
Re7 Be6 28. Rxb7 Rd2 0-1

[Event "II liga SSCS 2015- zapad"]
[Site "Ravni Gaj"]
[Date "2015.10.09"]
[Round "7.1"]
[White "Pecinar, Zoran"]
[Black "Jesic, Dusan"]
[Result "0-1"]
[WhiteElo "2156"]
[BlackElo "2368"]
[PlyCount "70"]
[EventDate "2015.09.04"]

1. c4 g6 2. Nc3 Bg7 3. Nf3 d6 4. g3 e5 5. d3 f5 6. Bg2 Nf6 7. O-O O-O 8. Rb1 c6
9. b4 a6 10. a4 Nbd7 11. Qc2 Qe7 12. Nd2 h5 13. b5 axb5 14. axb5 c5 15. Nf3 Nb6
16. Ng5 Nh7 17. Nxh7 Kxh7 18. Bd2 h4 19. Ra1 Be6 20. Na4 Nxa4 21. Rxa4 Rae8 22.
Ra7 Bc8 23. Qc1 Bf6 24. e4 f4 25. gxf4 exf4 26. Bxf4 h3 27. Bh1 Bd4 28. Bg3 Rf7
29. e5 dxe5 30. Be4 Ref8 31. Qd2 Rf4 32. Bd5 Qg5 33. Ra2 Rxf2 34. Rxf2 Rxf2 35.
Qxf2 Qc1# 0-1

[Event "II liga SSCS 2015- zapad"]
[Site "Ravni Gaj"]
[Date "2015.10.09"]
[Round "7.1"]
[White "Begus, Drasko"]
[Black "Knezevic, Veljko"]
[Result "1/2-1/2"]
[WhiteElo "2298"]
[BlackElo "2019"]
[PlyCount "86"]
[EventDate "2015.09.04"]

1. d4 d5 2. Nf3 Nf6 3. g3 g6 4. Bg2 Bg7 5. O-O O-O 6. Bf4 Nbd7 7. Qc1 Re8 8. c4
c5 9. cxd5 Nxd5 10. Bh6 Bh8 11. dxc5 Qa5 12. Nfd2 N7f6 13. Nb3 Qb5 14. e4 Nb4
15. Na3 Qe2 16. Qd2 Qh5 17. h4 Nc6 18. Rad1 Be6 19. Qg5 Red8 20. Qxh5 Nxh5 21.
Bg5 Bxb2 22. Nc2 Bc4 23. Rxd8+ Rxd8 24. Rb1 Bg7 25. Rc1 Be6 26. Be3 Nf6 27. f3
h5 28. Bf1 Ne5 29. Be2 Nc4 30. Bg5 Nb2 31. Rb1 Na4 32. Nbd4 Nxc5 33. Nxe6 fxe6
34. Be3 b6 35. Bc4 Nfd7 36. Nb4 Kf7 37. Nc6 Ra8 38. Rd1 a5 39. f4 Rc8 40. Na7
Rc7 41. Nb5 Rc8 42. Na7 Rc7 43. Nb5 Rc8 1/2-1/2

[Event "II liga SSCS 2015- zapad"]
[Site "Ravni Gaj"]
[Date "2015.10.09"]
[Round "7.1"]
[White "Zivanic, Slobodan"]
[Black "Misojcic, Miroslav"]
[Result "1/2-1/2"]
[WhiteElo "2201"]
[BlackElo "2225"]
[PlyCount "112"]
[EventDate "2015.09.04"]

1. e4 c5 2. Nf3 Nc6 3. d4 cxd4 4. Nxd4 Nf6 5. Nc3 e5 6. Ndb5 d6 7. Nd5 Nxd5 8.
exd5 Nb8 9. c4 Be7 10. Be2 a6 11. Nc3 O-O 12. O-O Nd7 13. Be3 f5 14. f3 Bg5 15.
Qd2 Bxe3+ 16. Qxe3 a5 17. Nb5 Nc5 18. b3 Qe7 19. Rae1 f4 20. Qd2 Bf5 21. Bd1
Rf6 22. Bc2 Bd7 23. Nc3 Qd8 24. Re2 Rf8 25. Rb1 Qb6 26. Kh1 Rfc8 27. a3 Be8 28.
Ree1 a4 29. bxa4 Qa5 30. Rb4 Kf8 31. Bd3 Rab8 32. Bf5 Rc7 33. Ne4 g6 34. Be6
Na6 35. Rb2 Qxd2 36. Rxd2 Ke7 37. Rc1 Bxa4 38. Rb2 b5 39. Nd2 Nc5 40. Rb4 Nd3
41. Rcb1 Nxb4 42. Rxb4 Ra8 43. Kg1 bxc4 44. Nxc4 Raa7 45. Nb6 Be8 46. Nc8+ Rxc8
47. Bxc8 Rxa3 48. Rb7+ Kd8 49. Be6 Ra1+ 50. Kf2 Ra2+ 51. Kg1 h5 52. Rb8+ Ke7
53. Rb7+ Kf6 54. Rb6 Ke7 55. Rb7+ Kf6 56. Rb6 Ke7 1/2-1/2

[Event "II liga SSCS 2015- zapad"]
[Site "Ravni Gaj"]
[Date "2015.10.09"]
[Round "7.1"]
[White "Marjanovic, Ivan D"]
[Black "Pavkov, Nebojsa"]
[Result "1-0"]
[WhiteElo "1985"]
[BlackElo "2245"]
[PlyCount "67"]
[EventDate "2015.09.04"]

1. e4 c5 2. c3 Nf6 3. e5 Nd5 4. d4 e6 5. Nf3 d6 6. exd6 Bxd6 7. Be2 Nc6 8. O-O
O-O 9. Be3 cxd4 10. cxd4 e5 11. Bg5 Qa5 12. dxe5 Nxe5 13. b4 Bxb4 14. Nxe5 Nc3
15. Nxc3 Bxc3 16. Nf3 Bxa1 17. Qxa1 Be6 18. a3 Rfe8 19. Qb2 Bg4 20. Be3 b6 21.
h3 Bh5 22. Bb5 Bxf3 23. Bd2 Qxb5 24. Qxb5 Be2 25. Qg5 h6 26. Qg3 Re6 27. Rc1
Rd8 28. Be3 Rd3 29. Qb8+ Kh7 30. Qxa7 Rg6 31. Qxf7 Rxa3 32. Rc8 Rf6 33. Qg8+
Kg6 34. Bd4 1-0

[Event "II liga SSCS 2015- zapad"]
[Site "Ravni Gaj"]
[Date "2015.10.09"]
[Round "7.1"]
[White "Jovicic, Radovan"]
[Black "Urosevic, Zoran"]
[Result "0-1"]
[WhiteElo "1753"]
[BlackElo "2211"]
[PlyCount "104"]
[EventDate "2015.09.04"]

1. e4 c5 2. Nf3 d6 3. c3 Nf6 4. Be2 Nc6 5. d4 Bg4 6. O-O Bxf3 7. Bxf3 e5 8. d5
Nb8 9. Nd2 Be7 10. Be2 O-O 11. f4 exf4 12. Rxf4 Nfd7 13. Nc4 b5 14. Ne3 Bg5 15.
Rf5 g6 16. Rf3 Ne5 17. Rg3 Bh4 18. Rh3 a6 19. Ng4 Nbd7 20. Nh6+ Kh8 21. Qf1 Bg5
22. Bf4 Bxf4 23. Qxf4 Qe7 24. Rf1 f6 25. Bg4 Nxg4 26. Nxg4 f5 27. exf5 Rxf5 28.
Qe3 Rxf1+ 29. Kxf1 Re8 30. Qxe7 Rxe7 31. Re3 Rxe3 32. Nxe3 c4 33. Nc2 Kg7 34.
Nb4 Nc5 35. Ke2 Kf6 36. Kd2 Ke5 37. Kc2 Ke4 38. Kd2 h5 39. b3 cxb3 40. axb3
Nxb3+ 41. Kc2 Nc5 42. Nc6 g5 43. Ne7 Nd7 44. Nc6 h4 45. Nd8 Kxd5 46. Nf7 g4 47.
Nh6 Ne5 48. Nf5 h3 49. gxh3 gxh3 50. Ne3+ Ke4 51. Nf1 Ng4 52. Kd2 Kf3 0-1

[Event "II liga SSCS 2015- zapad"]
[Site "Ravni Gaj"]
[Date "2015.10.09"]
[Round "7.2"]
[White "Tomic, Miroslav Lj"]
[Black "Toth, Aleksandar"]
[Result "0-1"]
[WhiteElo "2154"]
[BlackElo "2326"]
[PlyCount "64"]
[EventDate "2015.09.04"]

1. b4 c6 2. Bb2 Qb6 3. Bc3 Nf6 4. e3 Nd5 5. a3 Nxc3 6. Nxc3 d5 7. Nf3 Bg4 8. d4
Nd7 9. Na4 Qd8 10. Be2 e6 11. O-O Bd6 12. Nb2 a5 13. c3 O-O 14. h3 Bh5 15. Nd3
Qe7 16. Qc2 f6 17. Nc5 b6 18. Nxd7 Qxd7 19. c4 axb4 20. c5 bxc5 21. dxc5 Bxf3
22. Bxf3 Be5 23. Ra2 bxa3 24. e4 Bb2 25. exd5 exd5 26. Rd1 Qe7 27. h4 Ra5 28.
h5 Rxc5 29. Qf5 d4 30. Qb1 Rd8 31. g4 d3 32. Kg2 d2 0-1

[Event "II liga SSCS 2015- zapad"]
[Site "Ravni Gaj"]
[Date "2015.10.09"]
[Round "7.2"]
[White "Vujovic, Radojica"]
[Black "Jovanovic, Obrad"]
[Result "0-1"]
[WhiteElo "2118"]
[BlackElo "2080"]
[PlyCount "125"]
[EventDate "2015.09.04"]

1. e4 c5 2. Nf3 Nc6 3. Bc4 d6 4. O-O g6 5. c3 Nf6 6. d3 Bg7 7. Bb3 O-O 8. Bg5
Qb6 9. Nbd2 a5 10. Nc4 Qc7 11. a4 Be6 12. Bf4 Nh5 13. Be3 Rab8 14. Ng5 Bd7 15.
Na3 Na7 16. Re1 b5 17. axb5 Nxb5 18. Nc4 Ra8 19. Ra2 h6 20. Nf3 Ra6 21. Qd2 Kh7
22. h3 Be6 23. Rea1 Rfa8 24. g4 Nf6 25. g5 Nh5 26. gxh6 Bf6 27. Ba4 Qb7 28.
Ng5+ Bxg5 29. Bxg5 f6 30. Be3 Bxh3 31. Bd1 Be6 32. Ra4 Qc7 33. Bf3 Qd8 34. Qe2
Bf7 35. Nd2 Rb8 36. Nf1 Bb3 37. Bxh5 gxh5 38. Qxh5 Qg8+ 39. Ng3 Bxa4 40. Rxa4
e6 41. Kf1 Qg6 42. Qe2 e5 43. d4 cxd4 44. cxd4 Raa8 45. dxe5 fxe5 46. Qc4 Rb7
47. b4 Qf7 48. Qxf7+ Rxf7 49. bxa5 Ra6 50. Ne2 Rf8 51. Bd2 Na7 52. Rb4 Rf7 53.
Ra4 Nc6 54. Ng3 Nd4 55. Be3 Nb3 56. Bb6 Rb7 57. Rb4 Nd4 58. Rc4 Nb3 59. Rb4 Nd4
60. Rc4 Nb3 61. Rc7+ Rxc7 62. Bxc7 Rxa5 63. Bxd6 0-1

[Event "II liga SSCS 2015- zapad"]
[Site "Ravni Gaj"]
[Date "2015.10.09"]
[Round "7.2"]
[White "Radenkovic, Aleksa"]
[Black "Milovanovic, Pantelija"]
[Result "0-1"]
[WhiteElo "1947"]
[BlackElo "2110"]
[PlyCount "105"]
[EventDate "2015.09.04"]

1. Nc3 e5 2. Nf3 Nc6 3. d4 exd4 4. Nxd4 Nf6 5. e4 d6 6. Bc4 Be7 7. f3 O-O 8.
Be3 Nxd4 9. Qxd4 c6 10. a4 Qa5 11. b4 Qe5 12. Qd2 d5 13. Bf4 Qe6 14. Bb3 Bxb4
15. O-O Qe7 16. Kh1 dxe4 17. Qe3 exf3 18. Qxf3 Qc5 19. Na2 Be6 20. Bxe6 fxe6
21. Nxb4 Qxb4 22. Rab1 Qe7 23. Bg5 Rad8 24. Qb3 Rf7 25. Rfe1 Rd5 26. Bh4 b6 27.
Re3 Qd7 28. c4 Rd4 29. Bg3 Ne4 30. Rbe1 Nc5 31. Qc2 Rd2 32. Qb1 Nd3 33. Rg1 Rf5
34. Qa1 h6 35. Qc3 Nc5 36. Qa1 Qd4 37. Qe1 Rd3 38. Re2 Qxc4 39. Bf2 Qc3 40. Qb1
Qc4 41. Rge1 Rb3 42. Qa1 Nd3 43. Rf1 Nf4 44. Rd2 Qe4 45. Bg1 Rd3 46. Re1 Qd5
47. Rc2 Rg5 48. Qb2 h5 49. Rf2 e5 50. Ref1 h4 51. Rxf4 exf4 52. Qe2 h3 53. Rf2
0-1

[Event "II liga SSCS 2015- zapad"]
[Site "Ravni Gaj"]
[Date "2015.10.09"]
[Round "7.2"]
[White "Paramentic, Mila"]
[Black "Djukic, Sinisa"]
[Result "1/2-1/2"]
[WhiteElo "1915"]
[BlackElo "1999"]
[PlyCount "172"]
[EventDate "2015.09.04"]

1. e4 Nf6 2. e5 Nd5 3. c4 Nb6 4. c5 Nd5 5. Bc4 e6 6. Nc3 Nxc3 7. bxc3 Bxc5 8.
d4 Be7 9. Qg4 g6 10. Bh6 c5 11. Nf3 cxd4 12. cxd4 Qa5+ 13. Nd2 Nc6 14. O-O b5
15. Bb3 Qc3 16. Nf3 Bb7 17. Rac1 Qb4 18. Rfd1 Rc8 19. Qf4 Nd8 20. Rxc8 Bxc8 21.
Ng5 Bb7 22. Bg7 Rg8 23. Bh6 Bxg5 24. Bxg5 Nc6 25. Qf6 h6 26. Bxh6 Nxd4 27. Bg5
Nc6 28. Kf1 Qc5 29. Rc1 Qxe5 30. Qxe5 Nxe5 31. Rc7 f6 32. Bxf6 Ng4 33. Rxb7
Nxf6 34. Rxa7 Ke7 35. Rb7 Rh8 36. Rxb5 Rxh2 37. Kg1 Rh8 38. Bc2 Ra8 39. a4 Nd5
40. Rc5 Kd6 41. Rc4 g5 42. Rg4 Rg8 43. g3 Nf6 44. Rb4 Nd5 45. Rb1 Rc8 46. Bd3
Rc3 47. Bb5 Ra3 48. Rd1 Ke7 49. Rd4 d6 50. Bc6 Nc3 51. Rb4 d5 52. Kg2 Ra2 53.
Kg1 Ne4 54. Bb7 Nxf2 55. a5 Nd3 56. Rb5 Kd6 57. a6 Nc5 58. Rb6+ Ke5 59. Bc8 Ra5
60. Rc6 Ne4 61. Rxe6+ Kd4 62. g4 Nc5 63. Rg6 Ne4 64. Rg7 Nd6 65. Bb7 Nxb7 66.
axb7 Rb5 67. Kf2 Ke4 68. Rf7 d4 69. Kg3 Ke3 70. Re7+ Kd3 71. Kf3 Rb1 72. Rg7
Rf1+ 73. Kg2 Rb1 74. Kf3 Rb6 75. Rc7 Kd2 76. Ke4 Rb4 77. Kf5 Rb5+ 78. Ke6 d3
79. Kd7 Ke2 80. Kc8 d2 81. Re7+ Kf3 82. Rd7 Ke2 83. Re7+ Kf3 84. Rd7 Ke3 85.
b8=Q Rxb8+ 86. Kxb8 Ke2 1/2-1/2

[Event "II liga SSCS 2015- zapad"]
[Site "Ravni Gaj"]
[Date "2015.10.09"]
[Round "7.2"]
[White "Bojovic, Zoran"]
[Black "Jovanovic, Stefan"]
[Result "1-0"]
[WhiteElo "2087"]
[BlackElo "1593"]
[PlyCount "66"]
[EventDate "2015.09.04"]

1. e4 c6 2. d4 d6 3. Nc3 Qc7 4. h3 e5 5. Nf3 h6 6. Be3 Nf6 7. Qd2 b5 8. Bd3 Be7
9. O-O Nbd7 10. Ne2 Nf8 11. Rac1 Be6 12. b3 a5 13. Nh2 d5 14. dxe5 Nxe4 15.
Bxe4 dxe4 16. Qd4 Bf5 17. Qb6 Qc8 18. Nd4 Ra6 19. Nxf5 Rxb6 20. Nxg7+ Kd7 21.
Bxb6 Ba3 22. Rcd1+ Ke7 23. Bd8+ Qxd8 24. Rxd8 Kxd8 25. Re1 Ke7 26. Rxe4 Nd7 27.
Nf3 Nc5 28. Re2 a4 29. Nd4 Kd7 30. Ngf5 Ne6 31. Rd2 Kc7 32. Nxe6+ fxe6 33. Ng7
Rd8 1-0

[Event "II liga SSCS 2015- zapad"]
[Site "Ravni Gaj"]
[Date "2015.10.09"]
[Round "7.2"]
[White "Andric, Sinisa"]
[Black "Djukic, Sasa"]
[Result "0-1"]
[WhiteElo "1985"]
[BlackElo "1978"]
[PlyCount "66"]
[EventDate "2015.09.04"]

1. d4 d5 2. c4 Nc6 3. Nc3 dxc4 4. d5 Ne5 5. Bf4 Ng6 6. Bg3 e6 7. e4 Nf6 8. Bxc4
exd5 9. exd5 Bd6 10. Nge2 O-O 11. O-O a6 12. a3 Re8 13. Qc2 Ne5 14. Ba2 Nh5 15.
Rfe1 Nxg3 16. Nxg3 g6 17. Nce4 f5 18. Nxd6 cxd6 19. f3 Qb6+ 20. Kh1 Bd7 21. h3
Rac8 22. Qd2 Qd8 23. Ne2 Qh4 24. Nd4 g5 25. Ne6 g4 26. fxg4 fxg4 27. Re4 Re7
28. Rf1 Rf7 29. Rxf7 Kxf7 30. Rf4+ Ke7 31. Rd4 Rc2 32. Qf4 Bxe6 33. dxe6 Qe1+
0-1

[Event "II liga SSCS 2015- zapad"]
[Site "Ravni Gaj"]
[Date "2015.10.09"]
[Round "7.3"]
[White "Bzenic, Dejan"]
[Black "Vujic, Mihailo"]
[Result "1-0"]
[WhiteElo "2315"]
[BlackElo "2316"]
[PlyCount "59"]
[EventDate "2015.09.04"]

1. f4 e5 2. fxe5 d6 3. Nf3 dxe5 4. e4 Nf6 5. c3 Nbd7 6. Qc2 Bd6 7. d3 b6 8.
Nbd2 Bb7 9. Nc4 Qe7 10. Nxd6+ cxd6 11. Bg5 h6 12. Bh4 g5 13. Bf2 d5 14. Nd2 Nc5
15. exd5 Nxd5 16. O-O-O Nf4 17. d4 exd4 18. Bb5+ Kf8 19. Bxd4 Rg8 20. Rhe1 Qd6
21. g3 Nfe6 22. Be5 Qd5 23. Nc4 Qg2 24. Qh7 Ke7 25. Nd6 Qf2 26. Nf5+ Qxf5 27.
Qxf5 Rgd8 28. Qf6+ Kf8 29. Qh8+ Ke7 30. Bf6# 1-0

[Event "II liga SSCS 2015- zapad"]
[Site "Ravni Gaj"]
[Date "2015.10.09"]
[Round "7.3"]
[White "Markovic, Sasa"]
[Black "Markovic, Dragan P"]
[Result "1/2-1/2"]
[WhiteElo "2116"]
[BlackElo "2216"]
[PlyCount "42"]
[EventDate "2015.09.04"]

1. d4 Nf6 2. Bg5 d5 3. Bxf6 exf6 4. e3 c6 5. c4 Bb4+ 6. Nc3 O-O 7. a3 Be7 8.
cxd5 cxd5 9. g3 Be6 10. Bg2 Qd7 11. Nge2 Na6 12. O-O Nc7 13. Re1 Rfd8 14. Nf4
Rac8 15. Qb3 g5 16. Nd3 b6 17. Rac1 Ne8 18. Red1 Rc4 19. Qb5 Qxb5 20. Nxb5 a6
21. Nc3 Kf8 1/2-1/2

[Event "II liga SSCS 2015- zapad"]
[Site "Ravni Gaj"]
[Date "2015.10.09"]
[Round "7.3"]
[White "Milovanovic, Nenad"]
[Black "Zivanovic, Blagoje"]
[Result "1/2-1/2"]
[WhiteElo "2143"]
[BlackElo "1948"]
[PlyCount "55"]
[EventDate "2015.09.04"]

1. e4 e5 2. Nf3 Nf6 3. Nxe5 d6 4. Nf3 Nxe4 5. d4 d5 6. Bd3 Bd6 7. h3 O-O 8. O-O
c6 9. c4 h6 10. Nc3 Nxc3 11. bxc3 b6 12. a4 Be6 13. Qb3 Nd7 14. Ba3 Bxa3 15.
Rxa3 Qf6 16. Nh2 a5 17. cxd5 Bxd5 18. Ng4 Qd6 19. c4 Be6 20. Rd1 f5 21. Ne5
Nxe5 22. dxe5 Qc5 23. Bf1 Rfd8 24. Raa1 Rab8 25. Rxd8+ Rxd8 26. Rd1 Rd4 27. Re1
Kf7 28. Qf3 1/2-1/2

[Event "II liga SSCS 2015- zapad"]
[Site "Ravni Gaj"]
[Date "2015.10.09"]
[Round "7.3"]
[White "Zajic, Milun"]
[Black "Simic, Goran S"]
[Result "1/2-1/2"]
[WhiteElo "2037"]
[BlackElo "2077"]
[PlyCount "84"]
[EventDate "2015.09.04"]

1. c4 c5 2. g3 g6 3. Bg2 Bg7 4. Nc3 Nc6 5. Nf3 Nf6 6. O-O O-O 7. d3 Rb8 8. Rb1
a6 9. a3 b5 10. cxb5 axb5 11. b4 cxb4 12. axb4 d6 13. d4 Bf5 14. Rb3 Ne4 15.
Nxe4 Bxe4 16. d5 Bxf3 17. exf3 Ne5 18. Bb2 Qd7 19. Re1 Rfe8 20. Qe2 Rb7 21. f4
Nc4 22. Bxg7 Kxg7 23. Bf3 Ra8 24. Bg4 Qc7 25. Qd3 Rba7 26. Qd4+ Kg8 27. Be2 Ra3
28. Rbb1 Qa7 29. Qxa7 R8xa7 30. Bxc4 bxc4 31. Rbc1 c3 32. Re3 Rb7 33. Rexc3
Rxc3 34. Rxc3 Rxb4 35. Re3 Kf8 36. Rd3 f5 37. Rd2 Kf7 38. Kg2 Kf6 39. Kf3 Rb3+
40. Kg2 Rb4 41. h3 h5 42. h4 Rb3 1/2-1/2

[Event "II liga SSCS 2015- zapad"]
[Site "Ravni Gaj"]
[Date "2015.10.09"]
[Round "7.3"]
[White "Osatovic, Aleksandar"]
[Black "Jovanovic, Milovan"]
[Result "1-0"]
[WhiteElo "2127"]
[BlackElo "2140"]
[PlyCount "107"]
[EventDate "2015.09.04"]

1. d4 Nf6 2. c4 e6 3. Nf3 d5 4. Nc3 Be7 5. cxd5 exd5 6. Bg5 O-O 7. Qc2 c6 8. e3
Re8 9. Bd3 g6 10. h4 Nbd7 11. O-O-O b5 12. Bf4 b4 13. Ne2 c5 14. h5 Ne4 15.
Bxe4 dxe4 16. hxg6 hxg6 17. Qxe4 Ba6 18. Rh6 Bf6 19. Rxg6+ fxg6 20. Qxg6+ Bg7
21. Qxa6 Qf6 22. Qc4+ Qf7 23. Qxf7+ Kxf7 24. d5 a5 25. Ng5+ Kg8 26. Ne6 Rac8
27. e4 c4 28. f3 a4 29. Nxg7 Kxg7 30. Bd6 Nc5 31. Nd4 Nd3+ 32. Rxd3 cxd3+ 33.
Kd2 b3 34. axb3 axb3 35. Kxd3 Rc1 36. Nxb3 Rb1 37. Kc2 Rg1 38. g3 Rc8+ 39. Kd3
Rg2 40. Nc5 Rxb2 41. Be5+ Kf7 42. Bxb2 Rxc5 43. Ke3 Rb5 44. Be5 Rb3+ 45. Kf4
Ra3 46. g4 Rb3 47. g5 Rd3 48. Bf6 Kg6 49. Be7 Kf7 50. d6 Ke6 51. g6 Rd1 52. g7
Kf7 53. Bf8 Rd3 54. e5 1-0

[Event "II liga SSCS 2015- zapad"]
[Site "Ravni Gaj"]
[Date "2015.10.09"]
[Round "7.3"]
[White "Trifunovic, Novica"]
[Black "Markovic, Miroslav R"]
[Result "0-1"]
[WhiteElo "1679"]
[BlackElo "2080"]
[PlyCount "134"]
[EventDate "2015.09.04"]

1. e4 e6 2. d4 c5 3. Nf3 cxd4 4. Nxd4 Nc6 5. Bc4 Nf6 6. Nxc6 bxc6 7. Qe2 d5 8.
exd5 cxd5 9. Bb5+ Bd7 10. Bxd7+ Qxd7 11. O-O h6 12. Rd1 Qc7 13. Nc3 Be7 14. Nb5
Qb7 15. Bf4 O-O 16. c3 Ne4 17. f3 Bc5+ 18. Nd4 Nf6 19. Kh1 Rfe8 20. Rab1 Nd7
21. Nb3 Bf8 22. Rd2 a5 23. Re1 a4 24. Nc1 Qc6 25. a3 Nb6 26. Nd3 Nc4 27. Rc2
Bd6 28. Nb4 Qc7 29. Bxd6 Qxd6 30. Rd1 Qb6 31. Rd4 Nd6 32. Nd3 Nf5 33. Rb4 Qc7
34. Qe5 Qc6 35. c4 dxc4 36. Rbxc4 Qd7 37. Nf2 Red8 38. h3 f6 39. Qc7 Ne3 40.
Qxd7 Rxd7 41. Rc8+ Rxc8 42. Rxc8+ Kh7 43. Rc3 Nf5 44. g4 Nh4 45. b3 axb3 46.
Rxb3 Rd2 47. Kg1 Ra2 48. Ne4 Kg6 49. Nc5 e5 50. Kf1 h5 51. Ke1 hxg4 52. hxg4
Rc2 53. Ne4 Ra2 54. Kd1 Kf7 55. Kc1 Re2 56. Kb1 Nxf3 57. Ng3 Re1+ 58. Kb2 Nd4
59. Rb7+ Ke6 60. a4 Rg1 61. Ne4 Rxg4 62. Nc3 Nc6 63. Rb6 Rb4+ 64. Rxb4 Nxb4 65.
Kb3 Nd5 66. a5 Nxc3 67. a6 Nb5 0-1

[Event "II liga SSCS 2015- zapad"]
[Site "Ravni Gaj"]
[Date "2015.10.09"]
[Round "7.4"]
[White "Mladenovic, Sasa D"]
[Black "Kotlaja, Nikola"]
[Result "1-0"]
[WhiteElo "2234"]
[BlackElo "1632"]
[PlyCount "43"]
[EventDate "2015.09.04"]

1. d4 g6 2. c4 Nf6 3. Nc3 e6 4. e4 h6 5. e5 Nh7 6. f4 b6 7. Nf3 Bb7 8. Be2 a6
9. O-O Bg7 10. Be3 Nc6 11. Bf2 Bf8 12. Qc2 Nb4 13. Qb3 Nc6 14. Rad1 Na7 15. d5
Nc8 16. Bd3 c5 17. Be4 Qc7 18. Qc2 Ra7 19. Bxg6 fxg6 20. Qxg6+ Kd8 21. Bh4+ Be7
22. d6 1-0

[Event "II liga SSCS 2015- zapad"]
[Site "Ravni Gaj"]
[Date "2015.10.09"]
[Round "7.4"]
[White "Bojanic, Bratislav"]
[Black "Stojkovic, Predrag S"]
[Result "1/2-1/2"]
[WhiteElo "2242"]
[BlackElo "2209"]
[PlyCount "30"]
[EventDate "2015.09.04"]

1. e4 e5 2. Nf3 Nf6 3. d4 Nxe4 4. Bd3 d5 5. Nxe5 Be7 6. O-O O-O 7. c4 c6 8. Nc3
Nf6 9. Bg5 dxc4 10. Bxc4 Nbd7 11. Re1 Nb6 12. Bb3 Nbd7 13. Qe2 Nxe5 14. dxe5
Nd5 15. Bxe7 Nxc3 1/2-1/2

[Event "II liga SSCS 2015- zapad"]
[Site "Ravni Gaj"]
[Date "2015.10.09"]
[Round "7.4"]
[White "Bojic, Zoran"]
[Black "Drcelic, Sreten"]
[Result "0-1"]
[WhiteElo "2104"]
[BlackElo "2254"]
[PlyCount "78"]
[EventDate "2015.09.04"]

1. e4 d6 2. d4 Nf6 3. Nc3 c6 4. Bd3 e5 5. dxe5 dxe5 6. Nf3 Qc7 7. h3 b5 8. a3
Nbd7 9. Bg5 Be7 10. O-O a6 11. Re1 O-O 12. Qc1 Nc5 13. Bf1 Ne6 14. Bh4 Nd4 15.
Nxd4 exd4 16. Bg3 Qb6 17. Nd1 Rd8 18. b3 c5 19. Nb2 Bb7 20. Bd3 g6 21. Bh4 Re8
22. f3 Bf8 23. a4 Nh5 24. Qd2 Bd6 25. axb5 axb5 26. Rxa8 Rxa8 27. e5 Bf8 28.
Kh2 Ra2 29. Qc1 Bd5 30. Be2 Ng7 31. Bd3 Ne6 32. Bg3 Qa5 33. Qb1 Bh6 34. Na4 c4
35. bxc4 bxc4 36. Qxa2 cxd3 37. Qa1 dxc2 38. f4 Qd2 39. Rg1 Bxf4 0-1

[Event "II liga SSCS 2015- zapad"]
[Site "Ravni Gaj"]
[Date "2015.10.09"]
[Round "7.4"]
[White "Novakovic, Miroslav"]
[Black "Milanovic, Predrag"]
[Result "1/2-1/2"]
[WhiteElo "2052"]
[BlackElo "2145"]
[PlyCount "34"]
[EventDate "2015.09.04"]

1. d4 d5 2. Nf3 Nf6 3. c4 e6 4. Nc3 c5 5. cxd5 Nxd5 6. e4 Nxc3 7. bxc3 cxd4 8.
cxd4 Bb4+ 9. Bd2 Bxd2+ 10. Qxd2 O-O 11. Be2 b6 12. O-O Ba6 13. Bxa6 Nxa6 14.
Rac1 Rc8 15. Qe3 Qe7 16. a3 h6 17. h3 Nb8 1/2-1/2

[Event "II liga SSCS 2015- zapad"]
[Site "Ravni Gaj"]
[Date "2015.10.09"]
[Round "7.5"]
[White "Irizanin, Radoje"]
[Black "Nestorovic, Lazar"]
[Result "0-1"]
[WhiteElo "2281"]
[BlackElo "2333"]
[PlyCount "110"]
[EventDate "2015.09.04"]

1. d4 Nf6 2. Nf3 e6 3. e3 b6 4. Bd3 Bb7 5. O-O Be7 6. Nbd2 d6 7. e4 Nbd7 8. Re1
c5 9. c3 Qc7 10. Nf1 h6 11. Ng3 g5 12. d5 g4 13. Nh4 Ne5 14. Bb5+ Nfd7 15. f4
gxf3 16. Nxf3 O-O-O 17. Bxd7+ Qxd7 18. dxe6 Nxf3+ 19. Qxf3 fxe6 20. Be3 h5 21.
Nxh5 Rdf8 22. Qe2 Bxe4 23. Bh6 Rxh6 24. Qxe4 d5 25. Qe2 c4 26. Kh1 Bd6 27. Rf1
Rfh8 28. g4 Qe7 29. b3 Kb8 30. bxc4 dxc4 31. Rad1 Rg8 32. Rd4 Rg5 33. Qf3 Qc7
34. Rfd1 Rd5 35. Rxd5 exd5 36. Rxd5 Re6 37. Rd1 Bxh2 38. Nf6 Bd6 39. Kg2 Re5
40. Rh1 Qd8 41. Rh7 Be7 42. Ne4 Rd5 43. Qf7 Rd7 44. Rg7 Qc7 45. Qf3 Rd3 46. Qf7
Rd7 47. Qf3 Qe5 48. Qg3 Qxg3+ 49. Nxg3 Rd2+ 50. Kf3 Rd3+ 51. Ke4 Bf6 52. Rf7
Bxc3 53. Nf5 Bd2 54. Ne7 Rd6 55. Ke5 Rd7 0-1

[Event "II liga SSCS 2015- zapad"]
[Site "Ravni Gaj"]
[Date "2015.10.09"]
[Round "7.5"]
[White "Misic, Dragan"]
[Black "Mirkovic, Stevan"]
[Result "1/2-1/2"]
[WhiteElo "2250"]
[BlackElo "2328"]
[PlyCount "34"]
[EventDate "2015.09.04"]

1. d4 d5 2. Nf3 Nf6 3. e3 e6 4. Bd3 Be7 5. Nbd2 b6 6. O-O Nbd7 7. e4 dxe4 8.
Nxe4 Bb7 9. Qe2 Bxe4 10. Bxe4 Nxe4 11. Qxe4 O-O 12. Qc6 Nf6 13. Bg5 Nd5 14.
Bxe7 Nxe7 15. Qa4 Nf5 16. Rad1 Qd6 17. c3 Rfd8 1/2-1/2

[Event "II liga SSCS 2015- zapad"]
[Site "Ravni Gaj"]
[Date "2015.10.09"]
[Round "7.5"]
[White "Gavrilovic, Leonardo"]
[Black "Stojanovic, Dobrisav"]
[Result "1/2-1/2"]
[WhiteElo "2207"]
[BlackElo "2298"]
[PlyCount "91"]
[EventDate "2015.09.04"]

1. e4 e5 2. Nf3 Nc6 3. Bb5 a6 4. Ba4 Nf6 5. O-O Be7 6. Re1 b5 7. Bb3 d6 8. c3
O-O 9. d4 Bg4 10. Be3 exd4 11. cxd4 Na5 12. Bc2 Nc4 13. Bc1 c5 14. b3 Nb6 15.
dxc5 dxc5 16. Qxd8 Bxd8 17. Ne5 Bc7 18. Nxg4 Nxg4 19. f4 c4 20. h3 Nf6 21. a4
Rfe8 22. axb5 axb5 23. Rxa8 Rxa8 24. Nc3 b4 25. Nb5 Bd8 26. Rd1 cxb3 27. Bxb3
Nxe4 28. Be3 Nc3 29. Nxc3 bxc3 30. Rd6 Rb8 31. Bd4 Bc7 32. Rc6 Na8 33. Rxc3
Bxf4 34. Rf3 Rb4 35. Bc5 Rb5 36. Bxf7+ Kxf7 37. Rxf4+ Ke6 38. Bd4 Rb4 39. Rf8
Rxd4 40. Rxa8 h5 41. Ra5 g6 42. Kf2 Rd3 43. h4 Kf6 44. Rb5 Rd4 45. g3 Rd3 46.
Rg5 1/2-1/2